[Event "Mumbai Wealth op U13"]
[Site "Mumbai"]
[Date "2016.02.02"]
[Round "6"]
[White "Gothi, Sahil"]
[Black "Avathanshu, Bhat"]
[Result "1/2-1/2"]
[WhiteElo "1172"]
[BlackElo "1313"]
[PlyCount "58"]
[EventDate "2016.01.28"]
[EventType "swiss"]
[EventRounds "9"]
[EventCountry "IND"]
[SourceTitle "CBM 170 Extra"]
[Source "ChessBase"]
[SourceDate "2016.02.25"]
[SourceVersion "1"]
[SourceVersionDate "2016.02.25"]
[SourceQuality "1"]

1. d4 Nf6 2. c4 e6 3. Nc3 Bb4 4. Nf3 d5 5. Bg5 0-0 6. e3 h6 7. Bxf6 Qxf6 8. Be2 c5 9. a3 Ba5 10. 0-0 Rd8 11. Qc2 cxd4 12. exd4 dxc4 13. Bxc4 Bxc3 14. bxc3 Nc6 15. Bb5 Bd7 16. Bxc6 Bxc6 17. Ne5 Bd5 18. f4 Rac8 19. Qd3 g6 20. Qh3 Kg7 21. Ng4 Qf5 22. Qxh6+ Kg8 23. Qh3 Kf8 24. Qg3 Ke7 25. Ne3 Qh5 26. Nxd5+ Qxd5 27. Rfc1 Rd7 28. Qh4+ Kd6 29. Qg3 Kc6 1/2-1/2